PHARMACEUTICAL DRUG ANALYSIS (Record no. 7487)

MARC details
000 -LEADER
fixed length control field 00449nam a22001817a 4500
005 - DATE AND TIME OF LATEST TRANSACTION
control field 20230118104939.0
008 - FIXED-LENGTH DATA ELEMENTS--GENERAL INFORMATION
fixed length control field 210301b ||||| |||| 00| 0 eng d
020 ## - INTERNATIONAL STANDARD BOOK NUMBER
ISBN 9789389807030
041 ## - LANGUAGE CODE
Language code of text/sound track or separate title eng
082 ## - DEWEY DECIMAL CLASSIFICATION NUMBER
Classification number 615.19 KAR-P
100 ## - MAIN ENTRY--AUTHOR NAME
Personal name KAR,ASHUTOSH
245 ## - TITLE STATEMENT
Title PHARMACEUTICAL DRUG ANALYSIS
250 ## - EDITION STATEMENT
Edition statement 4'TH
260 ## - PUBLICATION, DISTRIBUTION, ETC. (IMPRINT)
Place of publication MODINAGAR
Name of publisher UNNATI PUBLICATION
Year of publication 2021
300 ## - PHYSICAL DESCRIPTION
Number of Pages 571,P
650 ## - SUBJECT ADDED ENTRY--TOPICAL TERM
Topical Term PHARMACY
General subdivision D.PHARMA
942 ## - ADDED ENTRY ELEMENTS (KOHA)
Koha item type Books
Holdings
Lost status Damaged status Collection code Home library Current library Shelving location Date acquired Source of acquisition Cost, normal purchase price Full call number Accession Number Koha item type
    Reference JRU Library JRU Library SHELF-3-A 01/03/2021 PERCHES- 1908/17-02-2021 599.00 615.19 KAR-P 25676 Books
    PHARMACY JRU Library JRU Library SHELF-19-A 01/03/2021 PERCHES- 1908/17-02-2021 599.00 615.19 KAR-P 25677 Books
    PHARMACY JRU Library JRU Library SHELF-19-A 01/03/2021 PERCHES- 1908/17-02-2021 599.00 615.19 KAR-P 25678 Books
    PHARMACY JRU Library JRU Library SHELF-19-A 01/03/2021 PERCHES- 1908/17-02-2021 599.00 615.19 KAR-P 25679 Books
    PHARMACY JRU Library JRU Library SHELF-19-A 01/03/2021 PERCHES- 1908/17-02-2021 599.00 615.19 KAR-P 25680 Books